Zaručený výnos z vkladov Viete, akým spôsobom úročí banka vaše úspory na vkladnej knižke?

Formy sporenia a úročenia úspor. Výnosy z vkladov v peňažných ústavoch. Jednoduché úročenie. Zložené úrokovanie.

Enregistré dans:
Détails bibliographiques
Auteur principal: Kubrický, V.
Autres auteurs: Pumová, A.
Format: Chapitre de livre
Langue:slovaque
Sujets:
Tags: Ajouter un tag
Pas de tags, Soyez le premier à ajouter un tag!

MARC

LEADER 00000naa a2200000 4500
001 r021450
005 20251104123846.0
041 0 |a slo 
044 |a SK 
245 1 0 |a Zaručený výnos z vkladov  |b Viete, akým spôsobom úročí banka vaše úspory na vkladnej knižke?  |c V. Kubrický, A. Pumová 
520 |a Formy sporenia a úročenia úspor. Výnosy z vkladov v peňažných ústavoch. Jednoduché úročenie. Zložené úrokovanie. 
610 2 0 |a vklady 
610 2 0 |a banky 
610 2 0 |a bankovníctvo 
610 2 0 |a úrok 
610 2 0 |a knižky vkladné 
100 1 |a Kubrický, V. 
700 1 |a Pumová, A.